Language Quiz

Random Language or State Quiz

Word Hourglass XIV Quiz Stats

Quiz Updated Apr 11, 2018

Also try: Word Hourglass XII
Challenge
Share
Tweet
Embed
Score 0/9 Timer 01:30
0 Plays Today
Clue Word % Correct
Common articleA
100%
Spring month in the northern hemisphereAPRIL
95.5%
Spring month in the northern hemisphereMARCH
93.7%
State that's home to Sacramento (abbr.)CA
93.6%
BuddyPAL
92.8%
State that's home to Baton Rouge (abbr.)LA
91.4%
Prep for an exam at the last minuteCRAM
90.2%
Shovel partner at the beachPAIL
84.6%
BuddyMAC
71.1%

You're not logged in!

Compare scores with friends on all Sporcle quizzes.
Join for Free
OR
Log In

You Might Also Like...

Show Comments

Extras

Top Quizzes Today


Score Distribution

Your Account Isn't Verified!

In order to create a playlist on Sporcle, you need to verify the email address you used during registration. Go to your Sporcle Settings to finish the process.

Report this User

Report this user for behavior that violates our Community Guidelines.

Details: